Most Populous Cities in the United Kingdom - Statistics

General Stats
  • This quiz has been taken 34 times
  • The average score is 48 of 97
Answer Stats
Population City % Correct
984,333 Birmingham
100%
464,990 Edinburgh
100%
455,123 Leeds
100%
864,122 Liverpool
100%
7,556,900 London
100%
395,515 Manchester
100%
591,620 Glasgow
97%
196,670 Aberdeen
93%
617,280 Bristol
90%
447,287 Cardiff
90%
274,770 Belfast
87%
192,382 Newcastle upon Tyne
87%
685,368 Sheffield
87%
246,201 Southampton
87%
158,434 Cambridge
83%
171,380 Oxford
83%
508,916 Leicester
80%
153,717 York
80%
139,001 Brighton
77%
729,977 Nottingham
73%
260,203 Plymouth
73%
318,014 Reading
73%
163,600 Bournemouth
70%
299,310 Bradford
70%
359,262 Coventry
70%
270,468 Derby
70%
147,710 Dundee
70%
178,835 Ipswich
70%
258,018 Luton
70%
215,963 Northampton
70%
213,166 Norwich
70%
372,775 Stoke-on-Trent
70%
300,352 Swansea
70%
117,763 Exeter
67%
314,018 Kingston upon Hull
67%
194,150 Portsmouth
67%
142,707 Middlesbrough
60%
306,844 Newport
60%
335,415 Sunderland
60%
239,409 Blackpool
57%
141,331 Bolton
57%
150,053 Gloucester
57%
125,370 Saint Peters
57%
295,310 Southend-on-Sea
57%
252,791 Wolverhampton
57%
101,659 Worcester
57%
121,859 Colchester
53%
313,332 Preston
53%
229,941 Milton Keynes
50%
158,141 Doncaster
47%
149,017 Huddersfield
47%
163,379 Peterborough
47%
185,609 Swindon
47%
146,521 Blackburn
43%
114,879 Lincoln
43%
104,782 Oldham
40%
116,447 Cheltenham
37%
113,057 Chesterfield
37%
118,219 Eastbourne
37%
134,160 Grimsby
37%
150,092 Poole
37%
165,456 Warrington
37%
125,707 Watford
37%
135,618 West Bromwich
37%
175,405 Wigan
37%
117,618 Rotherham
33%
111,511 Chelmsford
30%
325,264 Birkenhead
27%
149,422 Burnley
27%
180,508 Crawley
27%
139,052 Stockport
27%
147,980 Telford
27%
133,422 Hastings
23%
163,777 Slough
23%
106,940 Bedford
20%
101,187 Gillingham
20%
133,204 High Wycombe
20%
107,627 Maidstone
20%
102,555 St Helens
20%
247,614 Westminster
20%
173,314 Croydon
17%
171,958 Mansfield
17%
187,600 Sutton
17%
172,141 Walsall
17%
103,932 Woking
17%
144,859 Basildon
13%
107,642 Basingstoke
13%
122,199 Burton upon Trent
13%
199,059 Dudley
13%
319,143 Islington
10%
107,030 Sutton Coldfield
10%
228,000 Bexley
7%
108,368 Dagenham
7%
215,667 Archway
3%
100,000 Becontree
3%
103,970 Enfield Town
3%
110,000 Mendip
3%
No matching quizzes found
Score Distribution
Percent of People with Each Score
Percentile by Number Answered
Your Score History
You have not taken this quiz